| 000 | 00570nam a2200193Ia 4500 | ||
|---|---|---|---|
| 003 | GCL | ||
| 008 | 140319s9999 xx 000 0 ara d | ||
| 040 |
_aGCL / _cGCL |
||
| 082 | 0 | 4 |
_a194 _bب ف |
| 100 | 1 | _aبرنار غروتويزن | |
| 245 | 1 | 0 |
_aفلسفة الثورة الفرنسية / _cبرنار غروتويزن |
| 700 | 1 | _aخميس عصفور | |
| 260 |
_a[S.N] : _bمنشورات عويدان ، _c1982 |
||
| 300 | _a242 ص | ||
| 490 | _a | ||
| 650 | 0 | 4 | _aالفلسفة الاوربية |
| 650 | 0 | 4 | _aالفلسفة الغربية |
| 942 |
_2ddc _cBK |
||
| 999 |
_c53790 _d53790 |
||